000 00621nam a2200205Ia 4500
005 20260407125051.0
008 230917s9999||||xx |||||||||||||| ||und||
020 _cRs. 899.00
_a9789389898118
040 _aMAIN
082 _a006.35
_bP272G
100 _aPatel, Sunil
245 0 _aGetting stated with deep learning for natural language processing
260 _bBPB Publications
_aNew Delhi
_c2021
300 _axxi, 382
500 _aLearn how to build NLP applications with deep learning
650 _aComputer Science
650 _aArtificial Intelligence
650 _aNatural Language Processing
942 _cBK
999 _c8938
_d8938